Statistics for Biggest Cities in Central Africa

Click here to take the quiz!

General Stats

  • This quiz has been taken 355 times
  • The average score is 7 of 21

Answer Stats

PopulationCity% Correct
14.3mKinshasa
99%
2.39mBrazzaville
89%
3.99mYaounde
74%
889kBangui
70%
834kLibreville
66%
3.66mDouala
54%
1.42mN'Djamena
53%
2.48mLubumbashi
43%
1.01mBujumbura
30%
2.53mMbuji-Mayi
26%
1.26mKisangani
22%
1.21mPointe-Noire
22%
634kGoma
21%
1.46mKananga
16%
1.08mBukavu
8%
507kKikwit
7%
533kBamenda
5%
568kLikasi
5%
919kTshikapa
5%
679kBunia
2%
590kUvira
2%

Score Distribution

Percentile by Number Answered

Percent of People with Each Score

Your Score History

You have not taken this quiz